Air transportation in Nigeria strategies for 21st century

Saved in:
Bibliographic Details
Main Author: CHARLES, Diepiriye David Onyiuke, Nidd Okeke
Format: Book
Language:English
Published: : The Nigeria Stock Exchange 1997
Tags: Add Tag
No Tags, Be the first to tag this record!

MARC

LEADER 00000nam a22000007a 4500
008 201221b ||||| |||| 00| 0 eng d
020 |a 978-33815-5-5  
100 |a CHARLES, Diepiriye David  |a Onyiuke, Nidd Okeke  
245 |a Air transportation in Nigeria strategies for 21st century  |c Diepiriye David Charles, Nidd Okeke Onyiuke 
260 |b : The Nigeria Stock Exchange  |c 1997  |h Lagos  |i 684040  |i 684041  |i 684043  |i 684044  |i 684042  |l HE797.5 .N6C38  |m Air port – Nigeria  |m Aeronautic, commercial – Nigeria. 
942 |a lcc  |c BK  |e Kuteyi, M. A  |f 21/12/2020 
952 |0 0  |1 0  |2 lcc  |4 0  |6 HE07975 N6 C38  |7 0  |9 1034  |a HOL  |b MPL  |c GJ  |d 2020-12-21  |l 0  |o HE797.5 .N6C38  |p 2020-230253  |r 2020-12-21 00:00:00  |w 2020-12-21  |y BK 
952 |0 0  |1 0  |2 lcc  |4 0  |6 HE07975 N6 C38  |7 0  |9 1035  |a HOL  |b AC  |c GJ  |d 2020-12-21  |l 0  |o HE797.5 .N6C38  |p 2020-230254  |r 2020-12-21 00:00:00  |w 2020-12-21  |y BK 
952 |0 0  |1 0  |2 lcc  |4 0  |6 HE07975 N6 C38  |7 0  |9 1036  |a HOL  |b TL  |c GJ  |d 2020-12-21  |l 0  |o HE797.5 .N6C38  |p 2020-230255  |r 2020-12-21 00:00:00  |w 2020-12-21  |y BK 
952 |0 0  |1 0  |2 lcc  |4 0  |6 HE07975 N6 C38  |7 0  |9 1037  |a HOL  |b HOL  |c GJ  |d 2020-12-21  |l 0  |o HE797.5 .N6C38  |p 2020-230256  |r 2020-12-21 00:00:00  |w 2020-12-21  |y BK 
952 |0 0  |1 0  |2 lcc  |4 0  |6 HE07975 N6 C38  |7 0  |9 1038  |a HOL  |b HOL  |c GJ  |d 2020-12-21  |l 0  |o HE797.5 .N6C38  |p 2020-230257  |r 2020-12-21 00:00:00  |w 2020-12-21  |y BK 
999 |c 534  |d 534